Countries with Wild Lions - Statistics

General Stats
  • This quiz has been taken 882 times
  • The average score is 27 of 33
Answer Stats
Estimated Number Country % Correct
3.284 South Africa
95%
2.515 Kenya
94%
10.752 Tanzania
91%
Unknown Niger
89%
1.362 Zimbabwe
89%
Unknown Democratic Republic of the Congo
88%
Unknown Republic of the Congo
88%
3.063 Botswana
87%
2.349 Zambia
87%
Unknown Central African Republic
86%
Unknown Nigeria
86%
1.239 Ethiopia
85%
801 Namibia
85%
Unknown Angola
84%
Unknown Uganda
84%
678 Mozambique
83%
Unknown Rwanda
83%
Unknown Somalia
83%
Unknown Chad
82%
Unknown Ghana
79%
Unknown Mali
78%
866 South Sudan
78%
Unknown Cameroon
77%
Unknown Burundi
76%
Unknown Malawi
75%
523 India
73%
Unknown Benin
72%
Unknown Togo
72%
Unknown Senegal
71%
Unknown Burkina Faso
68%
Unknown Côte d'Ivoire
68%
Unknown Guinea
68%
Unknown Guinea - Bissau
61%
No matching quizzes found
Score Distribution
Percent of People with Each Score
Percentile by Number Answered
Your Score History
You have not taken this quiz